000 00408nam a2200157Ia 4500
008 210210b2001 xxu||||| |||| 00| 0 eng d
020 _a81 204 0992 2
041 _aeng
082 _a581.0724 IGNP
100 _aIGNACIMUTHU (S)
245 _aPlant biotechnology
260 _aNew Delhi.
_bOxford & IBH Publishing Co Pvt Ltd.,
_c2001
300 _axxiii,284
690 _aBiotechnology
906 _aSG03828
999 _c114586
_d114586